[Event "Arab-ch U16"]
[Site "Djerba"]
[Date "2016.07.28"]
[Round "7.4"]
[White "Djabri, Massinas"]
[Black "Fellah, Mohamed"]
[Result "1/2-1/2"]
[WhiteElo "1841"]
[BlackElo "1918"]
[PlyCount "55"]
[EventDate "2016.07.23"]
[EventType "swiss"]
[EventRounds "9"]
[EventCountry "TUN"]
[SourceTitle "EXT 2024"]
[Source "ChessBase"]
[SourceDate "2023.10.10"]
[SourceVersion "1"]
[SourceVersionDate "2023.10.10"]
[SourceQuality "1"]

1. d4 Nf6 2. c4 e6 3. Nf3 d5 4. Bg5 h6 5. Bh4 Bb4+ 6. Nc3 dxc4 7. e3 b5 8. a4 c6 9. Ne5 Bb7 10. Be2 Nbd7 11. Bf3 Qb6 12. 0-0 Nxe5 13. dxe5 Bxc3 14. exf6 Bxf6 15. a5 Qc5 16. Bxf6 gxf6 17. a6 Bc8 18. b3 0-0 19. bxc4 b4 20. Qa4 Rb8 21. Qxc6 Qxc6 22. Bxc6 Rd8 23. Rfb1 b3 24. Bb5 b2 25. Rxb2 Bxa6 26. Kf1 Bxb5 27. Rxb5 Rxb5 28. cxb5 1/2-1/2

[Event "Arab-ch U16"]
[Site "Djerba"]
[Date "2016.07.24"]
[Round "3.2"]
[White "Atia, Mohamed"]
[Black "Fellah, Mohamed"]
[Result "0-1"]
[WhiteElo "1745"]
[BlackElo "1918"]
[PlyCount "62"]
[EventDate "2016.07.23"]
[EventType "swiss"]
[EventRounds "9"]
[EventCountry "TUN"]
[SourceTitle "EXT 2024"]
[Source "ChessBase"]
[SourceDate "2023.10.10"]
[SourceVersion "1"]
[SourceVersionDate "2023.10.10"]
[SourceQuality "1"]

1. e4 c5 2. Nf3 d6 3. d4 cxd4 4. Nxd4 Nf6 5. Nc3 a6 6. Be3 e5 7. Nb3 Be6 8. f3 Be7 9. Qd2 0-0 10. 0-0-0 Nbd7 11. g4 b5 12. g5 b4 13. Ne2 Ne8 14. Kb1 a5 15. Nbc1 Nc7 16. h4 d5 17. Ng3 d4 18. Bg1 a4 19. Be2 b3 20. cxb3 axb3 21. axb3 Qb8 22. Bc4 Bb4 23. Qe2 Qa7 24. Rf1 Rfc8 25. Nf5 Nb5 26. Ne3 dxe3 27. Bxe3 Qa1+ 28. Kc2 Bxc4 29. bxc4 Nc5 30. Bxc5 Rxc5 31. Kd3 Ra3+ 0-1

[Event "CAN-ch U16"]
[Site "Windsor"]
[Date "2016.07.06"]
[Round "3.11"]
[White "Fellah, Mohamed"]
[Black "Colvin, Andrew"]
[Result "1-0"]
[WhiteElo "2021"]
[BlackElo "1740"]
[PlyCount "107"]
[EventDate "2016.07.05"]
[EventType "swiss"]
[EventRounds "7"]
[EventCountry "CAN"]
[SourceTitle "EXT 2022"]
[Source "ChessBase"]
[SourceDate "2021.10.06"]
[SourceVersion "1"]
[SourceVersionDate "2021.10.06"]
[SourceQuality "1"]

1. e4 e5 2. Nf3 Nc6 3. Bb5 a6 4. Ba4 Nf6 5. 0-0 Be7 6. Re1 b5 7. Bb3 d6 8. c3 0-0 9. h3 Na5 10. Bc2 c5 11. d4 Qc7 12. Nbd2 cxd4 13. cxd4 Nc6 14. d5 Nb4 15. Bb1 a5 16. a3 Na6 17. Nf1 Bd7 18. Bd2 a4 19. Bc2 Rfc8 20. Rc1 Qb7 21. N3h2 Bd8 22. Ng4 Nxg4 23. hxg4 Bb6 24. Be3 Nc5 25. Ng3 Ba5 26. Rf1 Bd8 27. Nf5 Bxf5 28. exf5 b4 29. g5 b3 30. Bb1 Nd7 31. Rxc8 Rxc8 32. Qg4 f6 33. g6 h6 34. Qxa4 Ra8 35. Qc6 Qxc6 36. dxc6 Nb6 37. Rc1 Bc7 38. Bxb6 Bxb6 39. Be4 Kf8 40. Rc3 Bc7 41. Rxb3 Rb8 42. Rxb8+ Bxb8 43. b4 Ke7 44. a4 Ba7 45. Bd5 Kd8 46. Kf1 Bd4 47. f3 Bc3 48. b5 Ba5 49. Ke2 Kc7 50. Kd3 Kd8 51. Kc4 Kc7 52. Be6 Kd8 53. Kd5 Ke7 54. c7 1-0

[Event "Edmonton op 10th"]
[Site "Edmonton"]
[Date "2015.06.28"]
[Round "4"]
[White "Fellah, Mohamed"]
[Black "Rekhson, Vladislav"]
[Result "1/2-1/2"]
[WhiteElo "1887"]
[BlackElo "2095"]
[PlyCount "79"]
[EventDate "2015.06.26"]
[EventType "swiss"]
[EventRounds "5"]
[EventCountry "CAN"]
[SourceTitle "EXT 2017"]
[Source "ChessBase"]
[SourceDate "2016.10.25"]
[SourceVersion "1"]
[SourceVersionDate "2016.10.25"]
[SourceQuality "1"]

1. e4 e5 2. Nf3 Nc6 3. Bb5 a6 4. Ba4 Nf6 5. 0-0 Be7 6. Re1 b5 7. Bb3 0-0 8. c3 d6 9. h3 Na5 10. Bc2 c5 11. d4 cxd4 12. cxd4 Qc7 13. d5 Nc4 14. b3 Nb6 15. Be3 Bb7 16. Nbd2 Rac8 17. Rc1 Nbd7 18. Nf1 Qa5 19. Bb1 Rxc1 20. Bxc1 Rc8 21. Ng3 g6 22. Bd2 Qb6 23. Be3 Qa5 24. Bd2 Qb6 25. Be3 Qd8 26. Qd2 a5 27. Qe2 b4 28. Nd2 Nc5 29. Rc1 Nfd7 30. Nc4 Ba6 31. Nf1 a4 32. Nfd2 Bb5 33. Qd1 Ra8 34. f4 axb3 35. axb3 f6 36. Bc2 exf4 37. Bxf4 Ne5 38. Bxe5 fxe5 39. Ra1 Kg7 40. Qb1 1/2-1/2

[Event "Edmonton op qual 10th"]
[Site "Edmonton"]
[Date "2015.05.03"]
[Round "5"]
[White "MacDonald, Dean"]
[Black "Fellah, Mohamed"]
[Result "0-1"]
[WhiteElo "1428"]
[BlackElo "1902"]
[PlyCount "66"]
[EventDate "2015.05.02"]
[EventType "swiss"]
[EventRounds "5"]
[EventCountry "CAN"]
[SourceTitle "EXT 2017"]
[Source "ChessBase"]
[SourceDate "2016.10.25"]
[SourceVersion "1"]
[SourceVersionDate "2016.10.25"]
[SourceQuality "1"]

1. d4 Nf6 2. c4 e6 3. Nf3 d5 4. Nc3 c6 5. Bg5 h6 6. Bh4 dxc4 7. e4 g5 8. Bg3 b5 9. a3 Bb7 10. Be2 Bg7 11. 0-0 Nbd7 12. Qc2 a6 13. Rad1 0-0 14. Ne5 Nxe5 15. dxe5 Nd7 16. Rd6 Qc7 17. f4 gxf4 18. Rxf4 Nxe5 19. Qd2 Rad8 20. Rxd8 Qxd8 21. Qc2 Nd3 22. Rf1 Qb6+ 23. Kh1 Qe3 24. Bf3 Nxb2 25. Bf2 Qxc3 26. Qe2 Qxa3 27. e5 Qd3 28. Bc5 Rd8 29. Bd6 Qxe2 30. Bxe2 Bf8 31. Rf6 Bxd6 32. exd6 Kg7 33. Rf4 Rxd6 0-1

[Event "Calgary March of Kings"]
[Site "Calgary"]
[Date "2015.03.15"]
[Round "5"]
[White "Fellah, Mohamed"]
[Black "Zhao, Ian"]
[Result "1/2-1/2"]
[WhiteElo "1808"]
[BlackElo "1639"]
[PlyCount "58"]
[EventDate "2015.03.14"]
[EventType "swiss"]
[EventRounds "5"]
[EventCountry "CAN"]
[SourceTitle "EXT 2017"]
[Source "ChessBase"]
[SourceDate "2016.10.25"]
[SourceVersion "1"]
[SourceVersionDate "2016.10.25"]
[SourceQuality "1"]

1. e4 e5 2. Nf3 Nc6 3. Bb5 a6 4. Ba4 Nf6 5. 0-0 Be7 6. Re1 b5 7. Bb3 0-0 8. c3 d5 9. exd5 Nxd5 10. Nxe5 Nxe5 11. Rxe5 Nf6 12. d4 Bd6 13. Re1 Ng4 14. h3 Qh4 15. Qf3 Nxf2 16. Re2 Nxh3+ 17. gxh3 Bxh3 18. Re4 Qg3+ 19. Qxg3 Bxg3 20. Re3 Bf4 21. Rxh3 Bxc1 22. Rh2 Rae8 23. Na3 Re1+ 24. Kf2 Rfe8 25. Rb1 R1e2+ 26. Kg1 Re1+ 27. Kf2 R1e2+ 28. Kg1 Re1+ 29. Kf2 R1e2+ 1/2-1/2